| 000 | 00553nam a2200205 a 4500 | ||
|---|---|---|---|
| 005 | 20240919064221.0 | ||
| 008 | 020509m19992005mx r 000 0 spa d | ||
| 020 | _a9700717445 | ||
| 020 | _a9700756459 | ||
| 035 | _aUPN01000117254 | ||
| 049 | _aCG | ||
| 050 | 4 |
_aKGF2509 _bA7.7 1999 |
|
| 100 | 1 | _aArellano García, Carlos | |
| 245 | 1 | 0 |
_aTeoría general del proceso / _cCarlos Arellano García. |
| 250 | _a8a ed. | ||
| 260 |
_aMéxico : _bPorrúa, _c1999 (2005 impr.). |
||
| 300 | _a470 p. | ||
| 650 | 4 |
_aDerecho procesal _913305 |
|
| 905 | _aLibro | ||
| 999 |
_c89797 _d89797 |
||